Das Jahr 1997 - Statistiken

Allgemein
  • Dieses Quiz wurde 38 mal gespielt
  • Das Durchschnittsergebnis liegt bei 12 aus 20
Antwortstatistiken
Nachricht Antwort % Korrekt
15. September: Die Suchmaschine ______ geht erstmals online. Google
95%
24. Februar: Das im vergangenen Sommer geborene geklonte Schaf _____ wird der Öffentlichkeit vorgestellt. Dolly
92%
27. Juli: Jan Ullrich gewinnt als erster Deutscher die ____ __ ______. Tour de France
89%
6. September: An der Beisetzungszeremonie für _____, Princess of Wales, der ersten Ehefrau des britischen Thronfolgers Charles, nehmen auf Londons Straßen etwa drei Millionen Menschen Anteil. Das Verfolgen der Fernsehübertragung ist mit geschätzten 2,5 Milliarden Zuschauern das bis dahin weltweit größte Medienereignis. Diana
84%
18. September: Bei einem Terroranschlag auf Touristen vor dem Ägyptischen Museum in _____, Ägypten, werden zehn Menschen getötet, darunter neun Deutsche, und 24 verletzt. Kairo
84%
26. April: Der deutsche Bundespräsident Roman Herzog hält seine bekannte Ruck-Rede, in der er fordert, durch Deutschland müsse ein „____“ gehen. Ruck
84%
15. Mai: Der Deutsche Bundestag beschließt die rechtliche Gleichstellung ehelicher und außerehelicher Vergewaltigung, womit die Vergewaltigung in der ___ nach § 177 StGB strafbar wird. Ehe
81%
28. Januar: Viktor Klima wird _____________ von Österreich. Bundeskanzler
78%
26. Juni: Joanne K. Rowling: Harry Potter und ___ _____ ___ ______ wird veröffentlicht. Der Stein der Weisen
76%
28. Dezember: Um die weitere Verbreitung von H5N1, des Erregers der Vogelgrippe H5N1, zu stoppen, lassen die Behörden in Hongkong etwa 1,5 Millionen ______ töten. Hühner
68%
17. Mai: Truppen von Laurent Kabila marschieren in Kinshasa ein. _____ wird offiziell in Demokratische Republik Kongo umbenannt. Zaire
68%
28. Juni: Bei einem Jubiläumskonzert der _____ _____ im Düsseldorfer Rheinstadion vor 60.000 Zuschauern kommt ein sechzehnjähriges Mädchen im Gedränge vor der Bühne zu Tode. Die Rockband unterbricht das Konzert, spielt es jedoch auf Anraten des Einsatzleiters der Berufsfeuerwehr zu Ende, um eine Panik zu verhindern. Toten Hosen
65%
3. Oktober: In Honolulu wird das erste geklonte Nagetier, die ____ Cumulina, geboren. Maus
51%
10. Mai: Ein Erdbeben der Stärke 7,5 im ____, 1.560 Tote Iran
46%
17. November: Terroranschlag auf Touristen vor dem Hatschepsut-Tempel in _____, Ägypten: 68 Menschen sterben. Luxor
35%
19. Juli: Gunter Demnig verlegt in St. Georgen bei Salzburg den ersten von inzwischen über 100.000 ______________ (Stand 2023). Stolpersteinen
24%
14. März: Evakuierungsmaßnahme der Bundeswehr in ________ („Operation Libelle“) Albanien
16%
3. Mai: Katrina and the Waves gewinnen in Dublin mit dem Lied ____ _____ _ _____ für Großbritannien die 42. Auflage des Eurovision Song Contest. Love Shine A Light
11%
2. Oktober: Unterzeichnung des Vertrages von Amsterdam. Er tritt 1999 in Kraft, soll hauptsächlich die EU auf die ______________ vorbereiten und schafft u. a. den Posten des Hohen Vertreters für die Gemeinsame Außen- und Sicherheitspolitik. Osterweiterung
8%
12. Juli: Berlin: Als Protest gegen musikalische Ausgrenzung und Kommerzialisierung der Love Parade kommt es zur Hateparade, aus der sich später die Demonstration __________ entwickelt. Fuckparade
5%
Keine übereinstimmenden Quizze gefunden
Verteilung der Resultate
Anzahl Personen mit jedem Resultat
Perzentil nach korrekt beantworteten Fragen
Ihre Resultats-Entwicklung
Sie haben dieses Quiz noch nicht gespielt